Football : Les meilleurs buteurs de Premier League. Saison 2023-24 - Statistiques

Statistiques générales
  • Ce quiz a été pris 198 fois
  • Le résultat moyen est 12 sur 18
Statistiques - réponses
Nombre de buts Club Réponse % Correct
27 Manchester City Haaland
100%
22 Chelsea Palmer
95%
18 Liverpool Salah
95%
21 Newcastle Isak
92%
16 Arsenal Saka
90%
17 Tottenham Son
90%
19 Manchester City Foden
89%
19 Aston Villa Watkins
83%
13 Arsenal Havertz
70%
14 Chelsea Jackson
70%
16 Crystal Palace Mateta
69%
19 Bournemouth Solanke
62%
12 Arsenal Trossard
60%
16 West Ham Bowen
57%
12 Brentford Wissa
38%
12 Wolves Cunha
36%
14 Nottingham Forest Wood
36%
12 Wolves Hwang
18%
Aucun quiz correspondant
Distribution des résultats
% des personnes avec chaque résultat
Percentile par nombre de réponses
Votre historique - résultats
Vous n’avez pas pris ce quiz